000 00304nam a22001337a 4500
008 170508b xxu||||| |||| 00| 0 eng d
020 _a9780820570310
041 _aeng
080 _23RD
_a34
100 _a15
101 _aSHJ
245 _aA STUDENT'S GUIDE TO HEARSAY
_cFISHMAN, C.S
942 _2udc
_cBK
999 _c12987
_d12987